LDR 00564naa#a2200157#i#450# 001 EN\RIOR\bibl\126199 005 20260629043346.1 011 ## _a2409-6024 100 ## _a20260530b2026####ek#y0engy0150####ca 102 ## _aRU 200 1# _aAPPLICATION OF INTERNATIONAL FINANCIAL INSTITUTIONS’ REQUIREMENTS AS AN ELEMENT OF THE FIXED CAPITAL INVESTMENT MANAGEMENT MECHANISM: THE CASE OF TURKMENISTAN _eJournal article 210 1# _aMoscow _cPublishing Center RIOR _d2026 215 ## _a10 с. 608 ## _aJournal article _2local 700 #1 _aMineev _gSergey Vladimirovich 856 4# _arusjm.ru _u